000 00301 a2200121 4500
000 nam a22 7a 4500
005 20260302122654.0
020 _a9788198236821
100 _aSubhash Kak
_91123473
245 _aThe Saka Language and Sanskrit
260 _bAditya Prakashan
_c2023
942 _cTEXL
999 _c1688379
_d1688379